| 000 | 00509nam a2200181Ia 4500 | ||
|---|---|---|---|
| 005 | 20250317120703.0 | ||
| 008 | 008 250317s9999 xx 000 0 eng d | ||
| 037 | _aTextbook | ||
| 040 |
_aFMSL _beng _cFMSL |
||
| 041 |
_aeng _2eng |
||
| 084 |
_aX:9 P6 _qFMSL |
||
| 100 |
_aTapomoy D _9735917 |
||
| 245 | 0 | _aHuman resource development: theory & practice | |
| 260 |
_aNew Delhi _bNew Delhi, Ane Books _c2006 |
||
| 300 | _a549p | ||
| 942 |
_cTB _hX:9 P6 |
||
| 999 |
_c1239866 _d1239866 |
||